Writing & rewriting national theatre histories (Record no. 34466)
[ view plain ]
| 000 -LEADER | |
|---|---|
| fixed length control field | 01414nam a2200361 a 4500 |
| 082 04 - DEWEY DECIMAL CLASSIFICATION NUMBER | |
| Classification number | 792/.09 |
| 245 00 - TITLE STATEMENT | |
| Title | Writing & rewriting national theatre histories |
| 260 ## - PUBLICATION, DISTRIBUTION, ETC. (IMPRINT) | |
| Place of publication | Iowa City : |
| Name of publisher | University of Iowa Press, |
| Year of publication | c2004. |
| 300 ## - PHYSICAL DESCRIPTION | |
| Number of Pages | xi, 277 p. |
| 490 1# - SERIES STATEMENT | |
| Series statement | Studies in theatre history and culture |
| 650 #0 - SUBJECT ADDED ENTRY--TOPICAL TERM | |
| Topical Term | Theater |
| Topical Term | Theater |
| Topical Term | History |
| Topical Term | National characteristics. |
| 700 1# - ADDED ENTRY--PERSONAL NAME | |
| Personal name | Wilmer, S. E. |
| 856 40 - ELECTRONIC LOCATION AND ACCESS | |
| Uniform Resource Identifier | http://site.ebrary.com/lib/rucke/Doc?id=10354467 |
No items available.
